Normal view
MARC view
Entry Término temático
001 - NÚMERO DE CONTROL
- campo de control: 82371
003 - IDENTIFICADOR DEL NÚMERO DE CONTROL
- campo de control: DO-SdBNP
005 - FECHA Y HORA DE LA ÚLTIMA TRANSACCIÓN
- campo de control: 20220915100139.0
008 - DATOS DE LONGITUD FIJA
- campo de control de longitud fija: 220915|| aca||aabn | a|a d
040 ## - FUENTE DE LA CATALOGACIÓN
- Centro catalogador/agencia de origen: DO-SdBNP
- Centro/agencia transcriptor: DO-SdBNP
150 ## - ENCABEZAMIENTO--TÉRMINO DE MATERIA
- Subdivisión general: Memorias e Informes
- Subdivisión geográfica: República Dominicana
670 ## - FUENTE DE DATOS ENCONTRADOS
- Cita de la fuente: Work cat.: (DO-SdBNP)52400: 57556 República Dominicana. Presidencia de la República. Centro de Información Gubernamental, , Memorias 2000 - 2004. /, [2004]
